000 00461nam a22001457a 4500
020 _qHB.
040 _cFIZZA ISHAQ
082 _a909
_bWIL
100 _a Williams , Henry Smith.
_9134324
245 _a Normal view MARC view ISBD view The historians' history of the world in twenty-five volumes,
_c Henry Smith Williams.
250 _avolume : XVIII
260 _aNew York:
_bThe Trow Press,
_c1904.
300 _axi ; 640 P. ;
_c26.5 cm
942 _2ddc
_cBK
999 _c617305
_d617305